Corrosion Engineering (Record no. 4181)

000 -LEADER
fixed length control field 00580nam a22002177a 4500
001 - CONTROL NUMBER
control field 4181
003 - CONTROL NUMBER IDENTIFIER
control field BD-DhUET
008 - FIXED-LENGTH DATA ELEMENTS--GENERAL INFORMATION
fixed length control field 141113b xxu||||| |||| 00| 0 eng d
020 ## - INTERNATIONAL STANDARD BOOK NUMBER
International Standard Book Number 0071003600
040 ## - CATALOGING SOURCE
Original cataloging agency DLC
Language of cataloging DLC
Transcribing agency 0
Modifying agency BD-DhUET
082 ## - DEWEY DECIMAL CLASSIFICATION NUMBER
Item number FON/1987
Classification number 620.1122
100 ## - MAIN ENTRY--PERSONAL NAME
Personal name Fontana, Mars G.
245 ## - TITLE STATEMENT
Title Corrosion Engineering
250 ## - EDITION STATEMENT
Edition statement 3rd ed.
260 ## - PUBLICATION, DISTRIBUTION, ETC. (IMPRINT)
Place of publication, distribution, etc. New York
Name of publisher, distributor, etc. McGraw Hill
Date of publication, distribution, etc. 1987
300 ## - PHYSICAL DESCRIPTION
Extent xv, 556 p.
Other physical details ill.
490 ## - SERIES STATEMENT
Series statement Mcgraw Hill series in materils science
504 ## - BIBLIOGRAPHY, ETC. NOTE
Bibliography, etc Includes bibliographies
650 #0 - SUBJECT ADDED ENTRY--TOPICAL TERM
Topical term or geographic name as entry element Corrosion and anti -corrosion
942 ## - ADDED ENTRY ELEMENTS (KOHA)
Koha item type General Book
Holdings
Lost status Koha full call number Koha normalized classification for sorting Koha issues (times borrowed) Koha date last seen Koha date last borrowed Withdrawn status Source of classification or shelving scheme Not for loan Copy number Location (home branch) Sublocation or collection (holding branch) Piece designation (barcode) Koha item type Damaged status Koha out on loan Date acquired Shelving location Price effective from
 620.1122/FON/1987620_112200000000000_FON_198762025-12-012025-12-01   1Central Library, BUETCentral Library, BUET92097General Book 2025-12-152014-11-13Circulation section2014-11-13
 620.1122/FON/1987620_000000000000000_1122FON19842026-05-162025-12-06   2Central Library, BUETCentral Library, BUET71266General Book  2014-11-17Circulation section2014-11-17
 620.1122/FON/1987620_112200000000000_FON_1987 2015-07-01    3Central Library, BUETCentral Library, BUET92095Reading Item  2015-07-01Reading section2015-07-01